Landfill tax credits scheme (Record no. 70014)

MARC details
000 -LEADER
fixed length control field 00815cam a2200193 4500
001 - CONTROL NUMBER
control field WB3814-08
008 - FIXED-LENGTH DATA ELEMENTS--GENERAL INFORMATION
fixed length control field 020418n2002 000 0 eng u
035 ## - SYSTEM CONTROL NUMBER
System control number (Sirsi) u117572
245 ## - TITLE STATEMENT
Title Landfill tax credits scheme
260 ## - PUBLICATION, DISTRIBUTION, ETC.
Date of publication, distribution, etc. 2002
490 ## - SERIES STATEMENT
Series statement HM Treasury Press Release
Volume/sequential designation (35/02) 17 April 2002, (2)
520 ## - SUMMARY, ETC.
Summary, etc. Consultation launched on possible changes to the Landfill Tax Credit Scheme. The paper seeks views on the priorities for funding as well as potential funding mechanisms for the scheme. For press release: http://www.treasury.gov.uk/Newsroom_and_Speeches/Press/2002/press_35_02.cfm?
590 ## - LOCAL NOTE (RLIN)
Local note WB
650 ## - SUBJECT ADDED ENTRY--TOPICAL TERM
Topical term or geographic name entry element LANDFILL TAX CREDIT SCHEME
650 ## - SUBJECT ADDED ENTRY--TOPICAL TERM
Topical term or geographic name entry element WASTE MANAGEMENT
650 ## - SUBJECT ADDED ENTRY--TOPICAL TERM
Topical term or geographic name entry element LOCAL COMMUNITY
690 ## - LOCAL SUBJECT ADDED ENTRY--TOPICAL TERM (OCLC, RLIN)
Topical term or geographic name as entry element ENVIRONMENTAL AND LAND CONSULTANCY-ENVIRONMENTAL MANAGEMENT
942 ## - ADDED ENTRY ELEMENTS (KOHA)
Suppress in OPAC 0
Holdings
Withdrawn status Lost status Source of classification or shelving scheme Damaged status Not for loan Home library Current library Shelving location Date acquired Total Checkouts Full call number Barcode Date last seen Copy number Price effective from Koha item type
    Dewey Decimal Classification     London London News article 18/04/2002   WB3814-08 117572-1001 06/08/2019 1 06/08/2019 News article